000 003550000a22001210004500
090 _aAS
_bSeriadas
245 1 0 _aObservación de propagulos en los géneros Ernodesmis y Struvea
041 0 _aEspañol
700 1 _aBodenbender, Sabine
_999399
100 1 _aSchnetter, Reinhard
_994050
942 _cARTICULO
773 1 _tCaldasia
_345
_h71-75
_q399-403
_d1986
_g15
999 _c14902
_d14902